000 00421nam a2200181Ia 4500
005 20250603144529.0
008 250603s9999 xx 000 0 und d
020 _a0-19-424336-2
050 _aPZ 7 .V47 A76/
100 _aVerne, Jules
245 0 _aAround the world in eighty days
260 _aOxford
260 _bOxford Universty Press
260 _c2002
300 _a44 p
650 _aOxford
942 _cBK
999 _c39196
_d39196